01000nam a22002657a 4500999001500000001000600015003000900021005001700030008004100047020001800088020001800106040003800124082002000162100001700182245008200199250001200281260005500293300004100348650002200389650006100411700001600472942001200488952011700500952011700617 c3971d397115394BD-DhUAP20200315174457.0200315r20102003nyua|||| |||| 00| 0 eng d a9780194387545 a9780194390040 aBD-DhUAPbEngcBD-DhUAPdBD-DhUAP 223a428.24 SOA  aSoars, John. aNew headway :bintermediate : workbook with key / cJohn Soars and Liz Soars. a3rd ed. aOxford : bOxford University Press,cc2003 [2010]. a96 pages :billustrations ;c28 cm.  aEnglish language. 2English languagevStudy and teachingxForeign speakers.  aSoars, Liz. 2ddccBK 00102ddc4070aUAPCLbUAPCLcGeneral Stacksd2020-03-15o428.24 SOAp3010015394r2020-03-15t1w2020-03-15yBK 00102ddc4070aUAPCLbUAPCLcGeneral Stacksd2020-03-15o428.24 SOAp3010015425r2020-03-15t2w2020-03-15yBK